000 01350nam a2200349 i 4500
001 768714001
003 CO-MdFUSB
005 20230324130150.0
007 ta
008 230223t1992 uk abdo| |||| 00| 0 eng d
020 _a0631193960
040 _aCO-MdFUSB
_bspa
_cCO-MdFUSB
_dCO-MdFUSBC
_erda
041 _aspa
082 _223
_a932.01
_bG861h
100 _aGrimal, Nicolas-Christopher
_eAutor
245 2 _aA history of ancient Egypt
_c/ Nicolas-Christopher Grimal
264 1 _aReino unido :
_bBlackwell Publishers,
_c[1992]
264 4 _c© 1992
300 _a518 páginas
_c; 23 cm
336 _2rdacontent
_atexto
_btxt
337 _2rdamedia
_asin mediación
_bn
338 _2rdacarrier
_avolumen
_bnc
505 _tParte 1: El período formativo:
_aDe la prehistoria a la historia. -- Religión e historia. -- El período de Thinita.
505 _tParte 2: La Edad Clásica: el antiguo reino
_aIdeas funerarias. -- La lucha por el poder -- El reino medio. -- La invasión.
505 _tParte 3: El Imperio:
_aLos Tuthmosids: Akenatón. -- El período ramesid. -- El dominio de Amón.
505 _tParte 4: La fase final:
_aEl tercer período intermedio. -- Nubios y saitas. -- Persas y griegos.
563 _aRústico
651 0 _aEgipto.
_xHistoria
942 _cBK
945 _aMiguel
999 _c68441
_d68441